|
|
|
|
| LEADER |
01508nam a2200397 a 4500 |
| 001 |
000104351 |
| 003 |
CZ BrMZK |
| 005 |
20230327132158.0 |
| 007 |
ta |
| 008 |
010907s1995 xr f 0 cze d |
| 015 |
|
|
|a cnb000117034
|
| 020 |
|
|
|a 80-7184-150-1
|
| 035 |
|
|
|a (OCoLC)38296142
|
| 040 |
|
|
|a BOA001
|b cze
|
| 072 |
|
7 |
|a 61
|x Lékařské vědy. Lékařství
|2 Konspekt
|9 14
|
| 080 |
|
|
|a 611
|2 MRF
|
| 080 |
|
|
|a 620.2-035
|2 MRF
|
| 080 |
|
|
|a 61:57
|2 MRF
|
| 080 |
|
|
|a 57.018-023
|2 MRF
|
| 080 |
|
|
|a 37.091.3
|2 MRF
|
| 080 |
|
|
|a (062.534)
|2 MRF
|
| 245 |
0 |
0 |
|a Biomateriály a morfologie :
|b pedagogika a výzkum : mezinárodní Symposium na Anatomickém ústavu 1.LF UK v Praze : 28.11.1995 : abstrakta a krátká sdělení /
|c ed.: Petrovický P., Štingl J., Konvičková Sv.
|
| 260 |
|
|
|a Praha :
|b Karolinum,
|c 1995
|
| 300 |
|
|
|a 96 s. ;
|c 21 cm
|
| 650 |
0 |
7 |
|a anatomie
|7 ph114041
|2 czenas
|
| 650 |
0 |
7 |
|a biologické materiály
|7 ph114163
|2 czenas
|
| 650 |
0 |
7 |
|a lékařská biologie
|7 ph115191
|2 czenas
|
| 650 |
0 |
7 |
|a morfologie (biologie)
|7 ph122984
|2 czenas
|
| 650 |
0 |
7 |
|a studium a výuka
|7 ph136700
|2 czenas
|
| 655 |
|
7 |
|a sborníky konferencí
|7 fd133333
|2 czenas
|
| 700 |
1 |
|
|a Stingl, Josef,
|d 1940-
|7 nlk19990073895
|4 aut
|
| 700 |
1 |
|
|a Konvičková, Svatava,
|d 1943-
|7 ntka172977
|4 edt
|
| 700 |
1 |
|
|a Petrovický, Pavel,
|d 1937-2019
|7 jn20000710472
|4 edt
|
| 910 |
|
|
|a BOA001
|b 2-1026.983
|
| 990 |
|
|
|a BK
|
| 996 |
6 |
|
|b 2610044766
|c 2-1026.983
|l MZK
|r Sklad / do 1 hodiny
|n 14
|p p.v.
|w 000104351
|u 000010
|a 1
|e BOA001
|j MZK50
|s P
|